[Event "European Youth Chess Championship G16"]
[Site "Prague, Top Hotel Prague"]
[Date "2012.08.21"]
[Round "5.2"]
[White "Utiatskaja, Irina"]
[Black "Soyunlu, Narmin"]
[Result "1-0"]
[WhiteElo "2012"]
[BlackElo "1895"]
[PlyCount "0"]
[EventDate "2012.08.17"]

1. e4 {[%clk 1:30:57]} e6 {[%clk 1:30:55]} 2. d4 {[%clk 1:31:20]} d5
{[%clk 1:31:20]} 3. Nd2 {[%clk 1:31:42]} Nf6 {[%clk 1:31:41]} 4. e5
{[%clk 1:32:08]} Nfd7 {[%clk 1:32:06]} 5. f4 {[%clk 1:31:54]} c5 {[%clk 1:32:03]}
6. c3 {[%clk 1:32:18]} Nc6 {[%clk 1:32:18]} 7. Ndf3 {[%clk 1:32:27]} cxd4
{[%clk 1:29:05]} 8. cxd4 {[%clk 1:32:31]} Qb6 {[%clk 1:29:23]} 9. h4
{[%clk 1:31:19]} Be7 {[%clk 1:27:17]} 10. h5 {[%clk 1:27:43]} f6 {[%clk 1:12:07]}
11. a3 {[%clk 1:16:09]} Rf8 {[%clk 1:01:07]} 12. Bd3 {[%clk 1:08:29]} h6
{[%clk 0:54:55]} 13. Ne2 {[%clk 0:59:23]} Kd8 {[%clk 0:46:53]} 14. b4
{[%clk 0:51:30]} a6 {[%clk 0:38:13]} 15. Rb1 {[%clk 0:40:09]} Qc7
{[%clk 0:28:22]} 16. Bd2 {[%clk 0:29:06]} b5 {[%clk 0:22:30]} 17. a4
{[%clk 0:16:27]} bxa4 {[%clk 0:21:24]} 18. Qxa4 {[%clk 0:16:50]} Nb6
{[%clk 0:21:20]} 19. Qb3 {[%clk 0:16:20]} Bd7 {[%clk 0:18:39]} 20. O-O
{[%clk 0:14:25]} g5 {[%clk 0:10:44]} 21. hxg6 {[%clk 0:10:25]} f5
{[%clk 0:08:18]} 22. b5 {[%clk 0:10:07]} axb5 {[%clk 0:07:59]} 23. Bxb5
{[%clk 0:10:19]} Na5 {[%clk 0:02:02]} 24. Bxa5 {[%clk 0:10:29]} Rxa5
{[%clk 0:02:25]} 25. Bxd7 {[%clk 0:10:33]} Nxd7 {[%clk 0:02:46]} 26. Rfc1
{[%clk 0:07:53]} Qa7 {[%clk 0:02:26]} 27. Qb7 {[%clk 0:07:57]} Nc5
{[%clk 0:00:34]} 28. Qxa7 {[%clk 0:07:27]} Rxa7 {[%clk 0:00:55]} 29. dxc5
{[%clk 0:07:37]} 1-0

[Event "European Youth Chess Championship G16"]
[Site "Prague, Top Hotel Prague"]
[Date "2012.08.21"]
[Round "5.3"]
[White "Hincu, Olga"]
[Black "Uzlavataya, Anhelina"]
[Result "1-0"]
[WhiteElo "1931"]
[BlackElo "1862"]
[PlyCount "0"]
[EventDate "2012.08.17"]

1. c4 {[%clk 1:30:58]} f5 {[%clk 1:30:52]} 2. Nc3 {[%clk 1:31:17]} Nf6
{[%clk 1:31:14]} 3. g3 {[%clk 1:31:37]} g6 {[%clk 1:31:37]} 4. Bg2
{[%clk 1:32:03]} Bg7 {[%clk 1:32:00]} 5. d3 {[%clk 1:32:28]} O-O {[%clk 1:32:13]}
6. e4 {[%clk 1:32:31]} e5 {[%clk 1:30:52]} 7. Nge2 {[%clk 1:32:53]} Nc6
{[%clk 1:30:59]} 8. O-O {[%clk 1:33:17]} d6 {[%clk 1:30:56]} 9. Nd5
{[%clk 1:33:43]} Be6 {[%clk 1:28:16]} 10. Bg5 {[%clk 1:34:05]} Qd7
{[%clk 1:25:43]} 11. Qd2 {[%clk 1:33:29]} Nd8 {[%clk 1:20:25]} 12. b4
{[%clk 1:28:52]} c6 {[%clk 1:20:42]} 13. Nxf6+ {[%clk 1:29:05]} Bxf6
{[%clk 1:21:07]} 14. Bh6 {[%clk 1:28:49]} Re8 {[%clk 1:17:30]} 15. Nc3
{[%clk 1:26:17]} Nf7 {[%clk 1:16:21]} 16. Be3 {[%clk 1:25:52]} h5
{[%clk 1:05:24]} 17. Rab1 {[%clk 1:18:01]} h4 {[%clk 1:05:34]} 18. exf5
{[%clk 1:07:58]} Bxf5 {[%clk 1:03:08]} 19. Ne4 {[%clk 1:07:04]} Be7
{[%clk 0:58:21]} 20. Rb2 {[%clk 1:02:22]} Kg7 {[%clk 0:49:29]} 21. Rd1
{[%clk 0:52:39]} Rh8 {[%clk 0:44:57]} 22. d4 {[%clk 0:48:40]} hxg3
{[%clk 0:36:42]} 23. fxg3 {[%clk 0:47:56]} Bxe4 {[%clk 0:32:05]} 24. Bxe4
{[%clk 0:48:20]} Qg4 {[%clk 0:32:26]} 25. Qd3 {[%clk 0:41:22]} Bg5
{[%clk 0:24:26]} 26. Re1 {[%clk 0:35:49]} Raf8 {[%clk 0:18:28]} 27. Bf2
{[%clk 0:31:20]} Qh3 {[%clk 0:16:17]} 28. Be3 {[%clk 0:29:20]} Bxe3+
{[%clk 0:12:37]} 29. Qxe3 {[%clk 0:29:32]} Nh6 {[%clk 0:10:30]} 30. Qg5
{[%clk 0:25:00]} Rf6 {[%clk 0:09:08]} 31. dxe5 {[%clk 0:24:26]} dxe5
{[%clk 0:09:32]} 32. Rd2 {[%clk 0:17:15]} Nf7 {[%clk 0:07:58]} 33. Qe3
{[%clk 0:17:09]} Nd6 {[%clk 0:08:03]} 34. Red1 {[%clk 0:15:08]} Rf7
{[%clk 0:06:08]} 35. Bxg6 {[%clk 0:12:14]} Nxc4 {[%clk 0:03:14]} 36. Qg5
{[%clk 0:11:51]} Nxd2 {[%clk 0:02:47]} 37. Bf5+ {[%clk 0:07:49]} Kf8
{[%clk 0:03:13]} 38. Qd8+ {[%clk 0:07:58]} Kg7 {[%clk 0:03:40]} 39. Qg5+
{[%clk 0:08:25]} Kf8 {[%clk 0:03:57]} 40. Rxd2 {[%clk 0:37:43]} Rxf5
{[%clk 0:33:38]} 41. Rd8+ {[%clk 0:37:57]} Kf7 {[%clk 0:34:04]} 42. Rd7+
{[%clk 0:38:22]} 1-0

[Event "European Youth Chess Championship G16"]
[Site "Prague, Top Hotel Prague"]
[Date "2012.08.21"]
[Round "5.4"]
[White "Shakhmurzova, Fatima"]
[Black "Osmanodja, Filiz"]
[Result "1/2-1/2"]
[WhiteElo "1905"]
[BlackElo "2199"]
[PlyCount "0"]
[EventDate "2012.08.17"]
1. e4 {[%clk 1:30:52]} d6 {[%clk 1:30:54]} 2. Nf3 {[%clk 1:25:39]} Nf6
{[%clk 1:26:09]} 3. Nc3 {[%clk 1:22:51]} e5 {[%clk 1:24:33]} 4. d4
{[%clk 1:21:02]} Nbd7 {[%clk 1:24:22]} 5. Bc4 {[%clk 1:19:35]} Be7
{[%clk 1:24:38]} 6. dxe5 {[%clk 1:06:22]} dxe5 {[%clk 1:12:06]} 7. Bg5
{[%clk 1:03:15]} c6 {[%clk 1:09:24]} 8. Qe2 {[%clk 1:01:05]} b5 {[%clk 1:04:10]}
9. Bb3 {[%clk 0:59:33]} O-O {[%clk 0:50:55]} 10. O-O {[%clk 0:57:10]} Qc7
{[%clk 0:44:52]} 11. a4 {[%clk 0:52:03]} b4 {[%clk 0:43:43]} 12. Nd1
{[%clk 0:50:05]} Nc5 {[%clk 0:39:08]} 13. Nd2 {[%clk 0:43:47]} h6
{[%clk 0:28:11]} 14. Bxf6 {[%clk 0:39:29]} Bxf6 {[%clk 0:26:58]} 15. Ne3
{[%clk 0:38:56]} Ne6 {[%clk 0:24:06]} 16. Nf5 {[%clk 0:36:39]} Nf4
{[%clk 0:18:30]} 17. Qf3 {[%clk 0:34:09]} Kh7 {[%clk 0:16:53]} 18. Nc4
{[%clk 0:30:28]} g6 {[%clk 0:15:02]} 19. Nfe3 {[%clk 0:30:12]} Bg7
{[%clk 0:14:02]} 20. Rad1 {[%clk 0:25:06]} Ne6 {[%clk 0:14:12]} 21. Qe2
{[%clk 0:18:07]} Nd4 {[%clk 0:13:26]} 22. Qe1 {[%clk 0:16:59]} f5
{[%clk 0:08:08]} 23. f3 {[%clk 0:14:29]} f4 {[%clk 0:04:23]} 24. Ng4
{[%clk 0:14:46]} a5 {[%clk 0:02:32]} 25. Nf2 {[%clk 0:13:56]} Be6
{[%clk 0:00:38]} 26. Rd2 {[%clk 0:10:52]} Qa7 {[%clk 0:00:59]} 27. Qb1
{[%clk 0:08:26]} Qa6 {[%clk 0:00:41]} 28. Qa2 {[%clk 0:08:44]} g5
{[%clk 0:00:33]} 29. Nd3 {[%clk 0:08:24]} Qa7 {[%clk 0:00:39]} 30. Kh1
{[%clk 0:08:26]} Nxb3 {[%clk 0:00:36]} 31. cxb3 {[%clk 0:08:25]} Rad8
{[%clk 0:00:35]} 32. Qb1 {[%clk 0:07:32]} Rd4 {[%clk 0:00:47]} 33. Qc2
{[%clk 0:04:45]} Rfd8 {[%clk 0:01:16]} 34. Rfd1 {[%clk 0:04:33]} Qd7
{[%clk 0:01:05]} 35. Nc5 {[%clk 0:03:49]} Qe7 {[%clk 0:00:47]} 36. Nxe6
{[%clk 0:03:58]} Qxe6 {[%clk 0:01:10]} 37. Nxa5 {[%clk 0:03:30]} c5
{[%clk 0:00:56]} 38. Nc4 {[%clk 0:03:17]} g4 {[%clk 0:01:02]} 39. Rxd4
{[%clk 0:02:22]} exd4 {[%clk 0:00:43]} 40. Qd3 {[%clk 0:32:21]} Re8
{[%clk 0:30:39]} 41. Rc1 {[%clk 0:28:05]} h5 {[%clk 0:17:50]} 42. Nd2 1/2-1/2

[Event "European Youth Chess Championship G16"]
[Site "Prague, Top Hotel Prague"]
[Date "2012.08.21"]
[Round "5.5"]
[White "Nicolas Zapata, Irene"]
[Black "Szente Varga, Fruzsina"]
[Result "1-0"]
[WhiteElo "2197"]
[BlackElo "2053"]
[PlyCount "0"]
[EventDate "2012.08.17"]

1. Nf3 {[%clk 1:30:58]} c5 {[%clk 1:30:48]} 2. c4 {[%clk 1:30:33]} Nf6
{[%clk 1:31:02]} 3. g3 {[%clk 1:30:01]} g6 {[%clk 1:29:46]} 4. Bg2
{[%clk 1:30:23]} Bg7 {[%clk 1:30:12]} 5. O-O {[%clk 1:30:47]} d5 {[%clk 1:29:59]}
6. d3 {[%clk 1:27:35]} Nc6 {[%clk 1:26:51]} 7. cxd5 {[%clk 1:26:59]} Nxd5
{[%clk 1:27:13]} 8. Nc3 {[%clk 1:26:41]} Nc7 {[%clk 1:24:44]} 9. Be3
{[%clk 1:18:40]} b6 {[%clk 1:23:38]} 10. Qa4 {[%clk 1:17:29]} Qd7
{[%clk 1:24:02]} 11. Rfd1 {[%clk 1:11:36]} e5 {[%clk 1:15:45]} 12. Ne4
{[%clk 0:52:48]} O-O {[%clk 1:12:26]} 13. Bxc5 {[%clk 0:37:52]} bxc5
{[%clk 1:00:02]} 14. Nxc5 {[%clk 0:38:19]} Qe8 {[%clk 1:00:26]} 15. Nd2
{[%clk 0:32:45]} Nd4 {[%clk 0:57:42]} 16. Qxe8 {[%clk 0:32:48]} Rxe8
{[%clk 0:58:00]} 17. Bxa8 {[%clk 0:32:55]} Nxa8 {[%clk 0:58:03]} 18. e3
{[%clk 0:32:34]} Ne6 {[%clk 0:46:23]} 19. Rac1 {[%clk 0:32:35]} Nb6
{[%clk 0:45:26]} 20. Nde4 {[%clk 0:31:44]} Rd8 {[%clk 0:37:46]} 21. b4
{[%clk 0:31:11]} Nd5 {[%clk 0:35:24]} 22. b5 {[%clk 0:27:50]} Nec7
{[%clk 0:29:49]} 23. a4 {[%clk 0:27:48]} a6 {[%clk 0:23:42]} 24. Nxa6
{[%clk 0:24:20]} Nxa6 {[%clk 0:22:03]} 25. bxa6 {[%clk 0:24:44]} Bxa6
{[%clk 0:22:30]} 26. Nc5 {[%clk 0:23:52]} Bc8 {[%clk 0:22:56]} 27. a5
{[%clk 0:18:40]} Bg4 {[%clk 0:17:13]} 28. Rd2 {[%clk 0:14:57]} Ra8
{[%clk 0:16:19]} 29. Ra2 {[%clk 0:12:31]} Bf8 {[%clk 0:15:51]} 30. Ra4
{[%clk 0:10:14]} Bc8 {[%clk 0:12:51]} 31. d4 {[%clk 0:08:11]} exd4
{[%clk 0:11:24]} 32. Rxd4 {[%clk 0:07:14]} Bxc5 {[%clk 0:08:26]} 33. Rxc5
{[%clk 0:06:53]} Be6 {[%clk 0:08:54]} 34. Rdxd5 {[%clk 0:07:06]} Bxd5
{[%clk 0:09:16]} 35. Rxd5 {[%clk 0:08:01]} Rb8 {[%clk 0:09:32]} 36. Rd1
{[%clk 0:08:05]} Kf8 {[%clk 0:09:54]} 37. Ra1 {[%clk 0:08:13]} Rb7
{[%clk 0:07:06]} 38. a6 {[%clk 0:08:33]} Ra7 {[%clk 0:07:34]} 39. g4
{[%clk 0:38:45]} Ke7 {[%clk 0:36:06]} 40. g5 {[%clk 0:35:50]} Ke6
{[%clk 0:35:53]} 41. Kg2 {[%clk 0:36:09]} Kf5 {[%clk 0:32:25]} 42. Ra5+
{[%clk 0:36:25]} Kg4 {[%clk 0:32:29]} 43. h3+ {[%clk 0:35:19]} Kh4
{[%clk 0:31:47]} 44. f4 {[%clk 0:35:28]} Kh5 {[%clk 0:31:50]} 45. Kg3
{[%clk 0:35:26]} 1-0

[Event "European Youth Chess Championship G16"]
[Site "Prague, Top Hotel Prague"]
[Date "2012.08.21"]
[Round "5.6"]
[White "Smirnova, Ekaterina"]
[Black "Harutyunyan, Ani"]
[Result "0-1"]
[WhiteElo "2113"]
[BlackElo "1835"]
[PlyCount "0"]
[EventDate "2012.08.17"]

1. e4 {[%clk 1:30:58]} c5 {[%clk 1:30:54]} 2. Nf3 {[%clk 1:31:24]} Nc6
{[%clk 1:31:20]} 3. d4 {[%clk 1:31:47]} cxd4 {[%clk 1:31:44]} 4. Nxd4
{[%clk 1:32:14]} g6 {[%clk 1:32:04]} 5. c4 {[%clk 1:32:35]} Nf6 {[%clk 1:32:26]}
6. Nc3 {[%clk 1:32:38]} d6 {[%clk 1:32:48]} 7. Be2 {[%clk 1:27:53]} Nxd4
{[%clk 1:32:50]} 8. Qxd4 {[%clk 1:28:16]} Bg7 {[%clk 1:33:15]} 9. O-O
{[%clk 1:25:38]} O-O {[%clk 1:33:26]} 10. Qd3 {[%clk 1:21:13]} Be6
{[%clk 1:22:31]} 11. Be3 {[%clk 1:18:45]} Rc8 {[%clk 1:13:38]} 12. Nd5
{[%clk 1:10:20]} Nd7 {[%clk 1:11:58]} 13. Qd2 {[%clk 1:01:56]} Nc5
{[%clk 0:42:54]} 14. f3 {[%clk 0:59:55]} Bxd5 {[%clk 0:42:55]} 15. exd5
{[%clk 0:58:17]} Re8 {[%clk 0:34:25]} 16. Rac1 {[%clk 0:57:12]} a5
{[%clk 0:32:25]} 17. f4 {[%clk 0:48:49]} Ne4 {[%clk 0:20:11]} 18. Qc2
{[%clk 0:42:38]} f5 {[%clk 0:20:24]} 19. Bf3 {[%clk 0:40:35]} b5 {[%clk 0:18:22]}
20. b3 {[%clk 0:34:45]} Nc3 {[%clk 0:15:48]} 21. Qd2 {[%clk 0:31:54]} b4
{[%clk 0:15:07]} 22. a4 {[%clk 0:28:55]} Rb8 {[%clk 0:12:55]} 23. Qd3
{[%clk 0:23:43]} Kh8 {[%clk 0:07:48]} 24. Bd4 {[%clk 0:19:33]} e5
{[%clk 0:07:29]} 25. dxe6 {[%clk 0:19:35]} Rxe6 {[%clk 0:07:34]} 26. Bxc3
{[%clk 0:18:59]} bxc3 {[%clk 0:07:22]} 27. Rxc3 {[%clk 0:15:44]} Bxc3
{[%clk 0:07:00]} 28. Qxc3+ {[%clk 0:16:13]} Qf6 {[%clk 0:06:11]} 29. Qxa5
{[%clk 0:16:02]} Rxb3 {[%clk 0:04:10]} 30. Qa8+ {[%clk 0:16:17]} Kg7
{[%clk 0:04:07]} 31. Bd5 {[%clk 0:16:14]} Re2 {[%clk 0:03:23]} 32. a5
{[%clk 0:11:23]} Ra3 {[%clk 0:03:11]} 33. a6 {[%clk 0:09:44]} Ra1
{[%clk 0:03:14]} 34. Qa7+ {[%clk 0:07:18]} Kh6 {[%clk 0:03:23]} 35. h3
{[%clk 0:05:21]} Rxf1+ {[%clk 0:02:43]} 36. Kxf1 {[%clk 0:05:49]} Re7
{[%clk 0:03:04]} 37. Qb6 {[%clk 0:05:08]} Qa1+ {[%clk 0:01:57]} 38. Kf2
{[%clk 0:05:37]} Qe1+ {[%clk 0:02:00]} 39. Kf3 {[%clk 0:06:07]} Qe2+
{[%clk 0:02:04]} 40. Kg3 {[%clk 0:36:35]} Re3+ {[%clk 0:32:07]} 41. Bf3
{[%clk 0:32:27]} Qe1+ {[%clk 0:15:03]} 42. Kh2 {[%clk 0:32:48]} Qd2
{[%clk 0:13:20]} 43. Qb7 {[%clk 0:15:19]} Ra3 {[%clk 0:12:54]} 44. a7
{[%clk 0:07:32]} Qxf4+ {[%clk 0:12:41]} 45. g3 {[%clk 0:07:51]} Qd2+
{[%clk 0:12:42]} 46. Bg2 {[%clk 0:08:20]} f4 {[%clk 0:12:40]} 47. g4
{[%clk 0:06:51]} f3 {[%clk 0:09:55]} 48. g5+ {[%clk 0:06:30]} Qxg5
{[%clk 0:05:00]} 49. Qxf3 {[%clk 0:05:26]} Qe5+ {[%clk 0:04:40]} 50. Kh1
{[%clk 0:05:32]} Rxf3 {[%clk 0:04:23]} 51. a8=Q {[%clk 0:05:47]} Rf4
{[%clk 0:03:18]} 52. Qc8 {[%clk 0:05:21]} Qc5 {[%clk 0:02:32]} 53. Qd8
{[%clk 0:05:16]} Qxc4 {[%clk 0:02:12]} 54. Qxd6 {[%clk 0:05:40]} Qd4
{[%clk 0:02:25]} 55. Qe7 {[%clk 0:05:20]} Qf6 {[%clk 0:02:43]} 56. Qe3
{[%clk 0:05:26]} Kg7 {[%clk 0:02:35]} 57. Qa7+ {[%clk 0:05:41]} Qf7
{[%clk 0:02:49]} 58. Qa1+ {[%clk 0:06:03]} Qf6 {[%clk 0:03:06]} 59. Qa7+
{[%clk 0:06:26]} Kh6 {[%clk 0:03:33]} 60. Qe3 {[%clk 0:06:48]} g5
{[%clk 0:03:42]} 61. Qe8 {[%clk 0:06:44]} Rd4 {[%clk 0:03:48]} 62. Qe1
{[%clk 0:06:02]} Qd6 {[%clk 0:03:51]} 63. Bf3 {[%clk 0:06:27]} Rd2
{[%clk 0:03:30]} 64. Qg1 {[%clk 0:06:49]} Qd4 {[%clk 0:03:11]} 65. Qe1
{[%clk 0:06:28]} Qd6 {[%clk 0:03:14]} 66. Qg1 {[%clk 0:06:51]} Qf4
{[%clk 0:03:27]} 67. Qb6+ {[%clk 0:06:21]} Rd6 {[%clk 0:03:54]} 68. Qb7
{[%clk 0:05:30]} Qc1+ {[%clk 0:02:15]} 69. Kh2 {[%clk 0:05:29]} Qf4+
{[%clk 0:02:38]} 70. Kh1 {[%clk 0:05:49]} Qg3 {[%clk 0:02:55]} 71. Bg4
{[%clk 0:05:59]} Qe1+ {[%clk 0:03:11]} 72. Kg2 {[%clk 0:06:12]} Rd2+
{[%clk 0:03:31]} 73. Kf3 {[%clk 0:06:39]} Qh1+ {[%clk 0:03:56]} 0-1

[Event "European Youth Chess Championship G16"]
[Site "Prague, Top Hotel Prague"]
[Date "2012.08.21"]
[Round "5.7"]
[White "Marikova, Jana"]
[Black "Navrotescu, Andreea-Cristiana"]
[Result "1/2-1/2"]
[WhiteElo "1887"]
[BlackElo "2090"]
[PlyCount "0"]
[EventDate "2012.08.17"]

1. d4 {[%clk 1:30:58]} f5 {[%clk 1:30:56]} 2. g3 {[%clk 1:31:21]} Nf6
{[%clk 1:31:18]} 3. Bg2 {[%clk 1:31:48]} g6 {[%clk 1:31:39]} 4. c3
{[%clk 1:32:10]} Bg7 {[%clk 1:31:05]} 5. Qb3 {[%clk 1:32:35]} d5 {[%clk 1:27:10]}
6. Nh3 {[%clk 1:31:30]} e6 {[%clk 1:25:45]} 7. Nd2 {[%clk 1:30:25]} Nc6
{[%clk 1:25:17]} 8. Nf3 {[%clk 1:28:36]} Ne4 {[%clk 1:18:55]} 9. Nf4
{[%clk 1:25:40]} Na5 {[%clk 1:07:35]} 10. Qa4+ {[%clk 1:19:32]} c6
{[%clk 1:07:59]} 11. Nd3 {[%clk 1:07:05]} Nc4 {[%clk 1:06:46]} 12. h4
{[%clk 1:02:08]} Bd7 {[%clk 1:01:19]} 13. Qc2 {[%clk 1:00:13]} Qe7
{[%clk 0:58:59]} 14. b3 {[%clk 0:58:41]} Na3 {[%clk 0:53:33]} 15. Bxa3
{[%clk 0:55:49]} Qxa3 {[%clk 0:53:53]} 16. Nfe5 {[%clk 0:53:42]} Qe7
{[%clk 0:51:18]} 17. b4 {[%clk 0:48:09]} b6 {[%clk 0:48:07]} 18. a4
{[%clk 0:45:12]} O-O {[%clk 0:32:56]} 19. O-O {[%clk 0:36:49]} Rfc8
{[%clk 0:31:17]} 20. a5 {[%clk 0:33:48]} Be8 {[%clk 0:30:54]} 21. Qb2
{[%clk 0:25:49]} c5 {[%clk 0:28:28]} 22. axb6 {[%clk 0:24:32]} cxd4
{[%clk 0:28:06]} 23. cxd4 {[%clk 0:23:14]} axb6 {[%clk 0:28:34]} 24. Rxa8
{[%clk 0:22:18]} Rxa8 {[%clk 0:29:03]} 25. Rc1 {[%clk 0:22:24]} Bb5
{[%clk 0:27:41]} 26. Rc2 {[%clk 0:17:28]} Bxd3 {[%clk 0:18:23]} 27. Nxd3
{[%clk 0:17:03]} Nd6 {[%clk 0:18:40]} 28. e3 {[%clk 0:16:22]} Ra7
{[%clk 0:11:52]} 29. Qc3 {[%clk 0:14:17]} Nc4 {[%clk 0:11:48]} 30. Bf1
{[%clk 0:11:40]} Ra3 {[%clk 0:11:40]} 31. Qe1 {[%clk 0:12:01]} Qa7
{[%clk 0:11:26]} 32. Nf4 {[%clk 0:11:49]} Qa4 {[%clk 0:10:16]} 33. Rc1
{[%clk 0:11:38]} Qc6 {[%clk 0:09:23]} 34. Ra1 {[%clk 0:10:13]} Bf8
{[%clk 0:05:32]} 35. Rxa3 {[%clk 0:10:13]} Nxa3 {[%clk 0:06:01]} 36. b5
{[%clk 0:04:19]} Qc8 {[%clk 0:06:30]} 37. Qa1 {[%clk 0:04:17]} Kf7
{[%clk 0:06:42]} 38. Qb2 {[%clk 0:04:29]} Bd6 {[%clk 0:04:40]} 39. Nd3
{[%clk 0:03:38]} Nc4 {[%clk 0:04:29]} 40. Qa2 {[%clk 0:33:34]} Na5
{[%clk 0:33:53]} 41. f4 {[%clk 0:32:17]} Kg7 {[%clk 0:27:06]} 42. Kf2
{[%clk 0:29:42]} h6 {[%clk 0:20:46]} 43. Ne5 {[%clk 0:24:42]} Qc7
{[%clk 0:18:30]} 44. Bd3 {[%clk 0:22:43]} Bxe5 {[%clk 0:16:35]} 45. fxe5
{[%clk 0:22:40]} g5 {[%clk 0:16:26]} 46. Qe2 {[%clk 0:21:02]} gxh4
{[%clk 0:15:11]} 47. gxh4 {[%clk 0:21:13]} Qe7 {[%clk 0:15:01]} 48. Kg3
{[%clk 0:20:36]} Qb4 {[%clk 0:15:04]} 49. Kf4 {[%clk 0:19:10]} Qe7
{[%clk 0:12:08]} 50. Qg2+ {[%clk 0:19:30]} Kh8 {[%clk 0:10:34]} 51. Qg3
{[%clk 0:19:35]} Qg7 {[%clk 0:10:21]} 52. Qxg7+ {[%clk 0:19:18]} Kxg7
{[%clk 0:10:50]} 53. h5 {[%clk 0:16:54]} Nb3 1/2-1/2

[Event "European Youth Chess Championship G16"]
[Site "Prague, Top Hotel Prague"]
[Date "2012.08.21"]
[Round "5.8"]
[White "Imnadze, Nato"]
[Black "Varga, Melinda"]
[Result "1-0"]
[WhiteElo "2030"]
[BlackElo "2232"]
[PlyCount "0"]
[EventDate "2012.08.17"]

1. e4 {[%clk 1:30:54]} c6 {[%clk 1:30:55]} 2. Ne2 {[%clk 1:30:17]} d5
{[%clk 1:31:08]} 3. e5 {[%clk 1:30:40]} c5 {[%clk 1:31:00]} 4. d4
{[%clk 1:30:50]} Nc6 {[%clk 1:31:02]} 5. c3 {[%clk 1:31:16]} cxd4
{[%clk 1:30:01]} 6. cxd4 {[%clk 1:28:58]} Bf5 {[%clk 1:28:37]} 7. Nbc3
{[%clk 1:19:34]} e6 {[%clk 1:28:37]} 8. Ng3 {[%clk 1:07:28]} Bg6 {[%clk 1:29:01]}
9. Be3 {[%clk 1:00:17]} Nge7 {[%clk 1:26:11]} 10. Be2 {[%clk 0:56:56]} Nc8
{[%clk 1:22:39]} 11. O-O {[%clk 0:43:32]} Be7 {[%clk 1:22:20]} 12. f4
{[%clk 0:39:16]} O-O {[%clk 1:20:57]} 13. f5 {[%clk 0:37:47]} exf5
{[%clk 1:20:41]} 14. Nxf5 {[%clk 0:36:44]} Bg5 {[%clk 1:13:46]} 15. Qd2
{[%clk 0:29:45]} Bxe3+ {[%clk 1:12:32]} 16. Nxe3 {[%clk 0:29:04]} N8e7
{[%clk 1:10:04]} 17. Rad1 {[%clk 0:27:35]} f6 {[%clk 0:28:10]} 18. exf6
{[%clk 0:25:29]} gxf6 {[%clk 0:28:36]} 19. Bf3 {[%clk 0:24:43]} Bf7
{[%clk 0:28:28]} 20. Bg4 {[%clk 0:22:26]} Kg7 {[%clk 0:24:44]} 21. Rf3
{[%clk 0:18:09]} Bg8 {[%clk 0:24:13]} 22. Qf2 {[%clk 0:13:58]} Ng6
{[%clk 0:23:35]} 23. Rh3 {[%clk 0:10:22]} Nce7 {[%clk 0:22:09]} 24. Nf5+
{[%clk 0:09:15]} Nxf5 {[%clk 0:21:23]} 25. Bxf5 {[%clk 0:08:46]} Bf7
{[%clk 0:17:24]} 26. Qd2 {[%clk 0:06:11]} Rh8 {[%clk 0:17:09]} 27. Qh6+
{[%clk 0:05:52]} Kg8 {[%clk 0:17:34]} 28. Rg3 {[%clk 0:03:59]} Qf8
{[%clk 0:16:40]} 29. Qh5 {[%clk 0:04:28]} Qd6 {[%clk 0:15:36]} 30. Rf1
{[%clk 0:04:14]} Kg7 {[%clk 0:12:31]} 31. Rh3 {[%clk 0:02:25]} Kg8
{[%clk 0:10:32]} 32. Ne2 {[%clk 0:02:07]} Re8 {[%clk 0:09:51]} 33. Rg3
{[%clk 0:01:38]} Kg7 {[%clk 0:09:08]} 34. Nf4 {[%clk 0:01:45]} Qb6
{[%clk 0:08:19]} 35. Qd1 {[%clk 0:01:19]} Qxb2 {[%clk 0:05:52]} 36. Nh5+
{[%clk 0:01:04]} Kf8 {[%clk 0:06:11]} 37. Nxf6 {[%clk 0:01:20]} Re2
{[%clk 0:05:26]} 38. Nxh7+ {[%clk 0:01:13]} Kg7 {[%clk 0:04:37]} 39. Ng5
{[%clk 0:00:38]} Rd2 {[%clk 0:04:49]} 40. Qa1 {[%clk 0:30:35]} Qxa1
{[%clk 0:33:51]} 41. Rxa1 {[%clk 0:30:23]} Rh6 {[%clk 0:31:58]} 42. Rf1
{[%clk 0:27:17]} Bg8 {[%clk 0:28:35]} 43. Nf3 {[%clk 0:25:08]} Rxa2
{[%clk 0:28:47]} 44. Ne5 {[%clk 0:25:28]} Bh7 {[%clk 0:28:25]} 45. Bxg6
{[%clk 0:16:42]} Bxg6 {[%clk 0:28:33]} 46. Rf7+ {[%clk 0:16:41]} Kg8
{[%clk 0:28:58]} 47. Rf6 {[%clk 0:16:44]} 1-0

[Event "European Youth Chess Championship G16"]
[Site "Prague, Top Hotel Prague"]
[Date "2012.08.21"]
[Round "5.9"]
[White "Styazhkina, Anna"]
[Black "Cemhan, Kardelen"]
[Result "0-1"]
[WhiteElo "2150"]
[BlackElo "1938"]
[PlyCount "0"]
[EventDate "2012.08.17"]

1. c4 {[%clk 1:30:58]} c5 {[%clk 1:30:54]} 2. Nc3 {[%clk 1:31:08]} Nf6
{[%clk 1:31:14]} 3. e4 {[%clk 1:31:00]} Nc6 {[%clk 1:31:14]} 4. g3
{[%clk 1:30:42]} e5 {[%clk 1:28:49]} 5. Bg2 {[%clk 1:30:41]} g6 {[%clk 1:28:35]}
6. Nge2 {[%clk 1:30:41]} Bg7 {[%clk 1:28:41]} 7. O-O {[%clk 1:30:44]} d6
{[%clk 1:28:07]} 8. d3 {[%clk 1:29:58]} Bg4 {[%clk 1:23:39]} 9. f3
{[%clk 1:27:50]} Be6 {[%clk 1:20:53]} 10. Nd5 {[%clk 1:24:16]} O-O
{[%clk 1:15:48]} 11. Bg5 {[%clk 1:20:11]} Bxd5 {[%clk 1:11:28]} 12. cxd5
{[%clk 1:16:52]} Nd4 {[%clk 1:05:26]} 13. f4 {[%clk 1:08:55]} h6 {[%clk 0:59:37]}
14. Bh4 {[%clk 1:05:53]} Nxe2+ {[%clk 0:53:44]} 15. Qxe2 {[%clk 1:06:17]} Qe8
{[%clk 0:53:57]} 16. fxe5 {[%clk 0:55:07]} Qxe5 {[%clk 0:54:17]} 17. g4
{[%clk 0:46:46]} Nxd5 {[%clk 0:45:19]} 18. Bg3 {[%clk 0:44:50]} Qe7
{[%clk 0:43:25]} 19. Bxd6 {[%clk 0:25:18]} Qxd6 {[%clk 0:43:47]} 20. exd5
{[%clk 0:25:43]} Rae8 {[%clk 0:38:42]} 21. Qd2 {[%clk 0:19:23]} Bd4+
{[%clk 0:31:18]} 22. Kh1 {[%clk 0:19:39]} Re3 {[%clk 0:31:34]} 23. Rae1
{[%clk 0:12:31]} Rfe8 {[%clk 0:30:05]} 24. Be4 {[%clk 0:09:38]} Rxe1
{[%clk 0:28:24]} 25. Qxe1 {[%clk 0:07:57]} Re7 {[%clk 0:25:10]} 26. b3
{[%clk 0:05:46]} Kg7 {[%clk 0:23:25]} 27. Qh4 {[%clk 0:04:21]} Bf6
{[%clk 0:21:10]} 28. Qf2 {[%clk 0:04:00]} Qa6 {[%clk 0:18:24]} 29. h4
{[%clk 0:03:02]} Bxh4 {[%clk 0:14:23]} 30. Qxh4 {[%clk 0:01:33]} Rxe4
{[%clk 0:14:52]} 31. d6 {[%clk 0:00:39]} Re6 {[%clk 0:14:29]} 32. d7
{[%clk 0:00:38]} Qc6+ {[%clk 0:14:54]} 33. Kg1 {[%clk 0:00:39]} Qxd7
{[%clk 0:15:06]} 34. Qg3 {[%clk 0:00:35]} Qd4+ {[%clk 0:14:39]} 35. Kh1
{[%clk 0:00:39]} Re3 {[%clk 0:13:44]} 36. Qg2 {[%clk 0:00:38]} Qxd3
{[%clk 0:13:46]} 37. Qb2+ {[%clk 0:00:35]} Qd4 {[%clk 0:13:14]} 38. Qg2
{[%clk 0:00:40]} Qe4 {[%clk 0:13:26]} 0-1